000 00548nam a2200145Ia 4500
008 151213s9999 xx 000 0 und d
100 _aঅধ্যাক্ষ মো: আলতাফ হোসেন
245 _aবাণিজ্জিক আইন।
_cঅধ্যাক্ষ মো: আলতাফ হোসেন
260 _aঢাকা
_bসিটি ল’ বুক্স
_c2008
300 _a5971 p.
650 _aLaw
650 _aLaw
700 _aঅধ্যাক্ষ মো: আলতাফ হোসেন
999 _c3437
_d3437